00967nam a2200277Ia 4500001000700000003000500007008004100012010001100053040000900064090001600073100002700089245015400116260002500270300000900295650004800304650002100352650004600373901001600419902000600435910000900441942000800450942000800458999001900466952010200485952010200587Z_4500CHAP220113s19XX xx 000 0 und d a167575 cCHAP aFolleto 112 aOrcasberro, Ruy983403 aPastoreo mixto, con ovinos y bovinos, de un pastizal bajo Pinus hartwegii en Zoquiapán, México /cpor Ruy Orcasberro Gómez... /cy otros /c as.l. :bs.e.,c19XX a17 h aAlimentos y alimentación del ganado94326 aPastoreo 985984 aPastos forrajerosxDigestibilidad 986102 aFOLLETO 112 aM a19XX cc14 cc14 c167575d167575 00102local40708FOLLaZbZc1d2005-11-09l0pz_5276r2022-01-18 00:00:00t1w2022-01-18yFOLL 00102local40708FOLLaZbZc1d2006-06-05l0pz_5277r2022-01-18 00:00:00t2w2022-01-18yFOLL